00498 a2200145 4500020001800000040001300018100002000031245016800051250001100219260003500230300001100265490003000276600001900306700002700325 a0-393-95552-4 aDLCbDLC1 aConrad, Joseph,00aHeart of darkness: an authoritative text, backgrounds and sources,criticism ban authoritative text, backgrounds and sources,criticism cedited by Robert Kimbrough a3. ed. aNew York :bNorton,ccop. 1988 a418 s.0 aA Norton critical edition14aConrad, Joseph1 aKimbrough, Robert4oth